00471nam a2200169 a 4500001001300000003000900013005001700022008004100039020000800080082001800088245007200106260004300178300000900221500003500230505001000265710002600275nice12345678IN_TiNIC20260116011502.0050524s1942 newa grp 000 0 eng  ac000a954.0359bHIN aIndia Unreconciliedb Documented History of Indian Political Events aNew DelhibHindustan Times Pressc1942 a487p aincludes index and biblioraphy2 aIndex2 aHindustan Times Press